01203nam a22002897a 4500003000400000005001700004008004100021040002200062082001800084100002500102245003000127260006000157300002100217366000800238490002900246505009200275505015700367505001200524650005500536650004700591650004800638650004300686650004500729650005600774650004700830700003600877OSt20230621101307.0221006b |||||||| |||| 00| 0 eng d cBiblioteca Lado V a709.05bG851a aGriffin, Timeeditor aArtforum/bInternacional/ aNew Yorkc2010bNew York editorial and business offices c26.5x27cma228p. espa aFebrerov2010x0864-1315 tCOLUMNSaEDITOR'S LETTER: AVATAR PASSAGES FILM MEDIA PERFORMANCE CURATING TOP TEN tFEATURESgTERRA INCOGNITA 1000 WORDS THE USES OF DISORDER: THE ART OF FELIX GONZALES-TORRES SIGNAL TO NOISE PRIMAL SIBLINGS OPENINGS: LESLIE HEWITT tREVIEWS 2Tesauro de Arte & ArquitecturaaARTE COMTEMPORANEO 2Tesauro de Arte & ArquitecturaaFOTOGRAFIA 2Tesauro de Arte & ArquitecturaaARTE VISUAL 2Tesauro de Arte & ArquitecturaaLIBROS 2Tesauro de Arte & ArquitecturaaNOTICIAS 2 Tesauro de Arte & ArquitecturaaARTE INTERNACIONAL 2 Tesauro de Arte & ArquitecturaaESCULTURA aNavarreta, Jose Antonioeeditor